000 01312cad a22002295a 4500
001 L156072
008 120430s2012 xxk 000 0 eng d
035 _a(Sirsi) u156072
041 0 _aeng
100 1 _aSchroeder, Leslie
245 0 0 _aSecondhand office space: what is the reality?
_h[electronic resource]
260 _aLondon
_bCBRE
_c2012
490 _aCBRE UK Regional Offices Viewpoint
_vQ1 2012
520 _aAcross the regions the availability of good quality, newly completed office space is being squeezed in the face of diminishing supply and limited development, potentially driving up prime rents and putting pressure on incentives. Requirement for newly completed office space continues apace, leaving secondhand and lower quality offices in sales limbo as they rarely meet larger mandates and the desired real estate efficiency.
520 _aIntroduction - the supply/demand imbalance - empty buildings - occupier's choice - investor and developer dilemma - conclusions.
590 _aKA
651 4 _aUnited Kingdom
690 _aCommercial property
_96227
700 1 _aMarston, Andrew
856 4 0 _uhttps://www.cbre.co.uk/portal/page/portal/uk_en/research
_zView the report (highlight United Kingdom and Office in the search box, then click on search) at www.cbre.co.uk
942 _n0
999 _c83946
_d83946